[Event "Let`s play Standart Chess UNDER 1500"]
[Site "SchemingMind.com"]
[Date "2009.08.22"]
[Round "-"]
[White "darcey62"]
[Black "BigDaddy"]
[Result "1-0"]
[WhiteCountry "ENG"]
[BlackCountry "AUT"]
[WhiteElo "1681"]
[WhiteRD "115"]
[BlackElo "1240"]
[BlackRD "77"]
[GameID "217038"]

1. e4 e5 2. Bc4 Nf6 3. d3 Bc5 4. h3 Nc6 5. Nf3 h6 6. a3 d6 7. g4 O-O 8. c3 g5 9. a4 b6 10. Qd2 a5
11. Bd5 Bb7 12. d4 exd4 13. cxd4 Bb4 14. Nc3 Bxc3 15. bxc3 Qd7 16. Nxg5 Nxd5 17. exd5 Ne7 18. Ne4 Bxd5 19. Nf6+ Kg7 20. Qxh6#
1-0

[Event "Let`s play Standart Chess UNDER 1500"]
[Site "SchemingMind.com"]
[Date "2009.08.22"]
[Round "-"]
[White "BigDaddy"]
[Black "darcey62"]
[Result "1-0"]
[WhiteCountry "AUT"]
[BlackCountry "ENG"]
[WhiteElo "1265"]
[WhiteRD "64"]
[BlackElo "1438"]
[BlackRD "96"]
[GameID "217039"]

1. e4 e5 2. Nf3 d6 3. d4 exd4 4. Nxd4 Bd7 5. Bc4 c5 6. Qf3 Qf6 7. Ne2 Qxf3 8. gxf3 Be7 9. Nbc3 Nf6 10. Rg1 g6
11. Bg5 h6 12. Bxf6 Bxf6 13. h3 Bxh3 14. Nd5 Bd8 15. Nef4 Be6 16. e5 dxe5 17. Nd3 Bxd5 18. Bxd5 Nd7 19. Bxb7
1-0

[Event "Let`s play Standart Chess UNDER 1500"]
[Site "SchemingMind.com"]
[Date "2009.08.24"]
[Round "-"]
[White "saxondom"]
[Black "BigDaddy"]
[Result "0-1"]
[WhiteCountry "HUN"]
[BlackCountry "AUT"]
[WhiteElo "1151"]
[WhiteRD "91"]
[BlackElo "1289"]
[BlackRD "60"]
[GameID "217135"]

1. e4 e5 2. f4 exf4 3. Be2 Qh4+ 4. Kf1 Nf6 5. Qe1 Qg5 6. h4 Qc5 7. d3 Be7 8. Nf3 Qb4 9. Qxb4 Bxb4 10. Bxf4 d6
11. c3 Bc5 12. Nbd2 Bg4 13. d4 Bb6 14. e5 Nh5 15. Ke1 Nc6 16. Bb5 Bd7 17. Ng5 dxe5 18. Bxe5 f6 19. Nde4 Bf5 20. Bd3 h6
21. Rf1 Bg4 22. Be2 hxg5 23. Nd6+ cxd6 24. Bxd6 Bxe2 25. Rf5 Ng3 26. Rd5 Rxh4 27. Bxg3 Rh1+ 28. Kxe2 Rxa1 29. a3 Ne7 30. Rb5 Kf7
31. d5 Nf5 32. Kf3 Rf1+ 33. Kg4 Nh6+ 34. Kh3 Rh8 35. d6 Nf5+ 36. Bh4 Rxh4#
0-1

[Event "Let`s play Standart Chess UNDER 1500"]
[Site "SchemingMind.com"]
[Date "2009.08.23"]
[Round "-"]
[White "saxondom"]
[Black "darcey62"]
[Result "0-1"]
[WhiteCountry "HUN"]
[BlackCountry "ENG"]
[WhiteElo "1205"]
[WhiteRD "101"]
[BlackElo "1681"]
[BlackRD "115"]
[GameID "217136"]

1. Nf3 d6 2. d4 e6 3. e4 h6 4. Nc3 a6 5. Bd3 Bd7 6. O-O b5 7. Re1 b4 8. Bf4 bxc3 9. e5 cxb2 10. Rb1 dxe5
11. dxe5 Bb4 12. Re4 Ba3 13. Nd2 Qe7 14. Rd4 g5 15. Be3 Nc6 16. Rc4 Nxe5 17. Nb3 Nxc4 18. Bxc4 Rd8 19. g3 Bc6 20. Qe2 Qf6
21. Bc5 Bxc5 22. Nxc5 a5 23. Nxe6 fxe6 24. Qxe6+ Qxe6 25. Bxe6 Nf6 26. Rxb2 Rd1#
0-1

[Event "Let`s play Standart Chess UNDER 1500"]
[Site "SchemingMind.com"]
[Date "2009.08.25"]
[Round "-"]
[White "BigDaddy"]
[Black "saxondom"]
[Result "1-0"]
[WhiteCountry "AUT"]
[BlackCountry "HUN"]
[WhiteElo "1289"]
[WhiteRD "60"]
[BlackElo "1151"]
[BlackRD "91"]
[GameID "217137"]

1. e4 c5 2. Nc3 Nc6 3. f4 g6 4. Nf3 Bg7 5. Bb5 Nd4 6. g3 a6 7. Bc4 Nxf3+ 8. Kf1 e6 9. Qxf3 Bd4 10. Ne2 b5
11. Bd3 Bb7 12. c3 d5 13. e5 f6 14. cxd4 Nh6 15. exf6 Qxf6 16. dxc5 O-O 17. Bc2 e5 18. d3 Nf5 19. b4 Qe6 20. Bb3 e4
21. Qg4 exd3 22. Nc3 Ne3+ 23. Bxe3 Qxe3 24. Nd1 Rfe8 25. Nxe3 Rxe3 26. Qd7 Rf3+ 27. Ke1 a5 28. Bxd5+ Kh8 29. Bxb7 Ra7 30. Qd4+ Kg8
31. Bxf3 axb4 32. Bd5+
1-0

[Event "Let`s play Standart Chess UNDER 1500"]
[Site "SchemingMind.com"]
[Date "2009.08.25"]
[Round "-"]
[White "darcey62"]
[Black "saxondom"]
[Result "0-1"]
[WhiteCountry "ENG"]
[BlackCountry "HUN"]
[WhiteElo "1438"]
[WhiteRD "96"]
[BlackElo "1239"]
[BlackRD "102"]
[GameID "217138"]

1. e4 Nf6 2. d3 e5 3. Nf3 Nc6 4. a3 Bc5 5. h3 d5 6. exd5 Qxd5 7. Nc3 Qd8 8. Be2 Nd4 9. Nxe5 O-O 10. Nf3 Re8
11. Nxd4 Bxd4 12. Bf4 Bf5 13. Qd2 c5 14. Be3 Qa5 15. Bf3 Rad8 16. O-O Qc7 17. Bf4 Be5 18. Bxe5 Qxe5 19. Bxb7 h6 20. Bf3 Rc8
21. Rfe1 Ne4 22. dxe4 Red8 23. Qe3 g5 24. exf5 Qxe3 25. Rxe3 Rd2 26. Be4 Rd6 27. Nd5 Re8 28. c4 a5 29. b4 axb4 30. axb4 Kf8
31. b5 Re5 32. b6 Ke8 33. b7 Rd8 34. Ra8 Rxa8 35. bxa8=Q+ Kd7
0-1

[Event "Let`s play Standart Chess UNDER 1500"]
[Site "SchemingMind.com"]
[Date "2009.08.25"]
[Round "-"]
[White "maro"]
[Black "saxondom"]
[Result "1/2-1/2"]
[WhiteCountry "MEX"]
[BlackCountry "HUN"]
[WhiteElo "1277"]
[WhiteRD "51"]
[BlackElo "1173"]
[BlackRD "86"]
[GameID "217152"]

1. d4 Nf6 2. d5 g6 3. Bg5 Bg7 4. e4 Nxe4 5. Bf4 Bxb2 6. Bd3 Bxa1 7. Bxe4 f5 8. Bf3 d6 9. Be3 e5 10. dxe6 Nc6
11. Bxc6+ bxc6 12. Nf3 Bxe6 13. O-O Bc4 14. Re1 Bxa2 15. Na3 O-O 16. Qxa1 Bd5 17. Nd4 c5 18. Nf3 Qf6 19. Qxf6 Rxf6 20. Bg5 Rf7
21. c4 Bc6 22. Nc2 d5 23. Ne5 Rff8 24. Nxc6 Rfe8 25. Ne7+ Kf7 26. cxd5 Rab8 27. Na3 Rb3 28. Nc4 Rc3 29. Ne5+ Kf8 30. Nd7+ Kf7
31. Ne5+ Kf8 32. Nd7+ Kf7 33. Bf6 Rc4 34. h3 Re4 35. Rxe4 a6 36. Bg5 fxe4 37. Nxc5 a5 38. Nxe4 a4 39. Bf6 a3 40. Bg5 a2
41. Bf6 Rxe7 42. d6 cxd6 43. f3 Re6 44. Ba1 d5 45. Ng5+ Ke7 46. Nxe6 Kxe6 47. f4 Kf5 48. g3 Ke4 49. Kg2 d4 50. Kf1 d3
51. Ke1 Ke3 52. Bc3 a1=Q+ 53. Bxa1 Kf3 54. Kd2 Ke4 55. h4 Kf3 56. Kxd3 Kxg3 57. Bf6 Kxf4 58. Ke2 Kf5 59. Bg5 Ke6 60. Kf3 Kf7
61. Kg4 Kg7 62. h5 h6 63. Bh4= gxh5+ 64. Kxh5 Kh7 65. Bg5=
1/2-1/2

[Event "Let`s play Standart Chess UNDER 1500"]
[Site "SchemingMind.com"]
[Date "2009.08.24"]
[Round "-"]
[White "maro"]
[Black "BigDaddy"]
[Result "0-1"]
[WhiteCountry "MEX"]
[BlackCountry "AUT"]
[WhiteElo "1348"]
[WhiteRD "47"]
[BlackElo "1265"]
[BlackRD "64"]
[GameID "217153"]

1. Nc3 d5 2. d4 Nf6 3. Bg5 e6 4. Nf3 Be7 5. Bxf6 Bxf6 6. e3 Nc6 7. Bb5 Bd7 8. Ne5 Nxe5 9. dxe5 Bxe5 10. Bxd7+ Qxd7
11. O-O c6 12. f4 Bxc3 13. bxc3 O-O 14. c4 Rae8 15. c5 Qe7 16. Qd4 Qf6 17. Qxf6 gxf6 18. f5 e5 19. g4 e4 20. h4 h6
21. g5 fxg5 22. hxg5 hxg5
0-1

[Event "Let`s play Standart Chess UNDER 1500"]
[Site "SchemingMind.com"]
[Date "2009.08.24"]
[Round "-"]
[White "maro"]
[Black "darcey62"]
[Result "0-1"]
[WhiteCountry "MEX"]
[BlackCountry "ENG"]
[WhiteElo "1292"]
[WhiteRD "48"]
[BlackElo "1585"]
[BlackRD "170"]
[GameID "217154"]

1. e4 e5 2. Nf3 d6 3. d4 exd4 4. Nxd4 c5 5. Bb5+ Bd7 6. Bxd7+ Qxd7 7. Nf5 g6 8. Nh4 Bg7 9. O-O Nc6 10. Nc3 Bxc3
11. bxc3 O-O-O 12. Bh6 Nxh6 13. a4 a5 14. Qd3 Ne5 15. Qe2 g5 16. Nf3 f6 17. Nd2 Nhf7 18. h3 h5 19. Nb3 Qc7 20. Qb5 Qc6
21. Qxa5 Kd7 22. Nxc5+ dxc5 23. Rfd1+ Nd6 24. Rd5 Nc4 25. Qa7 Ra8 26. Qxc5 Qxc5 27. Rxc5 Nd2 28. Rd5 Nxe4 29. f3 Nxc3 30. Rd4 Ne2+
0-1

[Event "Let`s play Standart Chess UNDER 1500"]
[Site "SchemingMind.com"]
[Date "2009.08.25"]
[Round "-"]
[White "saxondom"]
[Black "maro"]
[Result "0-1"]
[WhiteCountry "HUN"]
[BlackCountry "MEX"]
[WhiteElo "1151"]
[WhiteRD "91"]
[BlackElo "1327"]
[BlackRD "48"]
[GameID "217155"]

1. e4 e5 2. f4 exf4 3. Bc4 Nh6 4. Nf3 d6 5. d4 Qe7 6. O-O Qxe4 7. Re1 Bf5 8. Rxe4+ Bxe4 9. Bxf4 g6 10. Nbd2 d5
11. Nxe4 dxe4 12. Bb5+ c6 13. Be5 Rg8 14. Ng5 cxb5 15. Qe2 Nd7 16. Nxh7 Be7 17. Qxe4 O-O-O 18. Qf4 g5 19. Qd2 Nxe5 20. Qc3+ Nc4
21. Rd1 Nf5 22. Rf1 Nxd4 23. Qd3 Nxb2 24. Qc3+ Kb8 25. Qxb2 f5 26. Rd1 Ne2+ 27. Kf2 Rxd1 28. Kxe2 Rd5 29. g3 Re8 30. Qb3 Bc5+
31. Kf3 Re3+ 32. Qxe3 Bxe3 33. Kxe3 Re5+ 34. Kd4 Re4+ 35. Kd3 g4 36. Ng5 Ra4 37. Ne6 Rxa2 38. Nc5 Kc7 39. Ne6+ Kd6 40. Nd4 Ra3+
41. c3 Ke5 42. Nc2 Ra2 43. c4 bxc4+ 44. Kc3 b5 45. Nb4 Rxh2 46. Nc6+ Ke4 47. Nxa7 f4 48. Nxb5 fxg3 49. Nd6+ Kf4 50. Nxc4 g2
0-1

[Event "Let`s play Standart Chess UNDER 1500"]
[Site "SchemingMind.com"]
[Date "2009.08.24"]
[Round "-"]
[White "BigDaddy"]
[Black "maro"]
[Result "0-1"]
[WhiteCountry "AUT"]
[BlackCountry "MEX"]
[WhiteElo "1265"]
[WhiteRD "64"]
[BlackElo "1348"]
[BlackRD "47"]
[GameID "217156"]

1. e4 e5 2. Nf3 Nc6 3. Bc4 Nh6 4. d4 exd4 5. Nxd4 Ne5 6. Qe2 Nxc4 7. Qxc4 c5 8. Bxh6 cxd4 9. Bd2 Be7 10. Qxd4 O-O
11. Bc3 Bf6 12. Qe3 Bxc3+ 13. Qxc3 Re8 14. f3 d5 15. Qd3 a6 16. Nc3 d4 17. Na4 b5 18. Nc5 Be6 19. c3 Bc4 20. Qd2 d3
21. Nb7 Qc7 22. Nc5 Qxc5 23. b4 Qb6 24. a3 h6 25. Ra2 Bxa2 26. Qxd3 Bc4 27. Qd2 f6 28. Qd7 Qe3+ 29. Kd1 Red8 30. Qd2 Qxd2#
0-1

[Event "Let`s play Standart Chess UNDER 1500"]
[Site "SchemingMind.com"]
[Date "2009.08.24"]
[Round "-"]
[White "darcey62"]
[Black "maro"]
[Result "1-0"]
[WhiteCountry "ENG"]
[BlackCountry "MEX"]
[WhiteElo "1585"]
[WhiteRD "170"]
[BlackElo "1292"]
[BlackRD "48"]
[GameID "217157"]

1. e4 e5 2. Bc4 Nh6 3. d3 g6 4. Bxh6 Bxh6 5. Qf3 O-O 6. Nc3 Qg5 7. Nd5 Qd2+ 8. Kf1 Nc6 9. Bb3 Nd4 10. Qd1 Qg5
11. Nh3 Qh4 12. Nxc7 Nxb3 13. axb3 d6 14. Nxa8 Bxh3 15. Nc7 Bxg2+ 16. Kxg2 f5 17. Rxa7 f4 18. f3 g5 19. Rxb7 Rf7 20. Rb8+ Kg7
21. Ne6+ Kf6 22. Nd8 Rf8 23. d4 g4 24. dxe5+ dxe5 25. Qd6+ Kg5 26. Qxe5+ Kg6 27. Rb6+ Rf6 28. Qf5+ Kg7 29. Rb7+
1-0

[Event "Let`s play Standart Chess UNDER 1500"]
[Site "SchemingMind.com"]
[Date "2009.08.25"]
[Round "-"]
[White "Carl Lenox"]
[Black "saxondom"]
[Result "1-0"]
[WhiteCountry "CAN"]
[BlackCountry "HUN"]
[WhiteElo "1372"]
[WhiteRD "64"]
[BlackElo "1151"]
[BlackRD "91"]
[GameID "217194"]

1. e4 c5 2. Nc3 d6 3. f4 Nc6 4. Nf3 Nf6 5. Bb5 a6 6. Bc4 Bg4 7. h3 Nxe4 8. Nxe4 Bf5 9. Neg5 Bg6 10. d3 e6
11. Be3 Qa5+ 12. Bd2 Qb6 13. Bc3 f6 14. Nxe6 d5 15. Bxd5 Nd8 16. Qe2 Nxe6 17. Bxe6 Be7 18. O-O-O Bh5 19. g4 Bf7 20. f5 O-O
21. Rhe1 Bxe6 22. fxe6 Bd6 23. e7 Rfe8 24. Qg2 Rxe7 25. Qd2 Qc6 26. Rf1 Qd5 27. d4 cxd4 28. Nxd4 Be5 29. Ne2 Qg2 30. Ng1 Qg3
31. Bb4 Ree8 32. Qd5+ Kh8 33. Qxb7 h6 34. Rd7 Qe3+ 35. Kb1 Qe2 36. Nxe2 Rab8 37. Qe4 Kg8 38. Qg6 f5 39. gxf5 Rxb4 40. Qxe8+
1-0

[Event "Let`s play Standart Chess UNDER 1500"]
[Site "SchemingMind.com"]
[Date "2009.08.24"]
[Round "-"]
[White "Carl Lenox"]
[Black "maro"]
[Result "1-0"]
[WhiteCountry "CAN"]
[BlackCountry "MEX"]
[WhiteElo "1263"]
[WhiteRD "72"]
[BlackElo "1331"]
[BlackRD "48"]
[GameID "217195"]

1. e4 d5 2. exd5 Qxd5 3. Nc3 Qe6+ 4. Be2 Nf6 5. Nf3 Qg4 6. O-O Ne4 7. Nd5 Na6 8. Bxa6 bxa6 9. d3 Nxf2 10. Rxf2 e6
11. Ne3 Qf4 12. Nc4 Qg4 13. Be3 Be7 14. Qd2 Bb7 15. Re1 O-O 16. Nce5 Qa4 17. Ra1 Bd6 18. b3 Qb5 19. c4 Qb4 20. Qc2 Bxf3
21. Nxf3 e5 22. a3 Qb7 23. b4 Rfe8 24. c5 Be7 25. Rd1 Bf6 26. d4 exd4 27. Bxd4 Bxd4 28. Rxd4 Rad8 29. Re2 Qa8 30. a4 g6
31. Rdd2 h5 32. Qc4 Rxd2 33. Nxd2 Qd8 34. Qxa6 Qd4+ 35. Rf2 Re1+ 36. Nf1 Qxb4 37. Qxa7 Re7 38. Qa8+ Kg7 39. c6 Qc4 40. a5 Qe4
41. a6 Re8 42. Qb7 h4 43. Qxc7 Re7 44. Qd6 Re6 45. Qd7 Re7 46. Qc8 Re5 47. a7 Re8 48. Qb7 Kh6 49. a8=Q
1-0

[Event "Let`s play Standart Chess UNDER 1500"]
[Site "SchemingMind.com"]
[Date "2009.08.24"]
[Round "-"]
[White "Carl Lenox"]
[Black "BigDaddy"]
[Result "0-1"]
[WhiteCountry "CAN"]
[BlackCountry "AUT"]
[WhiteElo "1276"]
[WhiteRD "66"]
[BlackElo "1265"]
[BlackRD "64"]
[GameID "217196"]

1. e4 e5 2. Nf3 Nc6 3. Bb5 a6 4. Ba4 b5 5. Bb3 Nf6 6. d3 d6 7. O-O Be7 8. Re1 O-O 9. Nc3 Bg4 10. Be3 Bxf3
11. Qxf3 h6 12. Rad1 g5 13. a4 bxa4 14. Bxa4 Nb4 15. Ne2 c5 16. c3 Qa5 17. b3 Nc2 18. Rf1 Bd8 19. Bc6 Rc8 20. Bb7 Rc7
21. Ra1 Nxa1 22. Qxf6 Bxf6
0-1

[Event "Let`s play Standart Chess UNDER 1500"]
[Site "SchemingMind.com"]
[Date "2009.08.24"]
[Round "-"]
[White "Carl Lenox"]
[Black "darcey62"]
[Result "0-1"]
[WhiteCountry "CAN"]
[BlackCountry "ENG"]
[WhiteElo "1263"]
[WhiteRD "72"]
[BlackElo "1681"]
[BlackRD "115"]
[GameID "217197"]

1. e4 e5 2. Nf3 d6 3. d4 exd4 4. Nxd4 c5 5. Nf3 h6 6. Nc3 a6 7. Bc4 Nc6 8. O-O Be6 9. b3 Bxc4 10. bxc4 Be7
11. Rb1 Rb8 12. Re1 Qd7 13. Bb2 Nf6 14. Qd2 Nh5 15. Rbd1 g5 16. Nd5 Rg8 17. Nf6+ Bxf6 18. e5 Bg7 19. exd6+ Kf8 20. Ba3 b6
21. Rb1 g4 22. Nh4 Ne5 23. Re4 f5 24. Ree1 Nxc4 25. Qd3 Ne5 26. Qd5 Bf6 27. Nxf5 Qxf5 28. Bxc5 Nf3+
0-1

[Event "Let`s play Standart Chess UNDER 1500"]
[Site "SchemingMind.com"]
[Date "2009.08.25"]
[Round "-"]
[White "saxondom"]
[Black "Carl Lenox"]
[Result "0-1"]
[WhiteCountry "HUN"]
[BlackCountry "CAN"]
[WhiteElo "1173"]
[WhiteRD "86"]
[BlackElo "1383"]
[BlackRD "64"]
[GameID "217198"]

1. e4 c5 2. Nf3 d6 3. d4 cxd4 4. Nxd4 Nf6 5. Nc3 e5 6. Bb5+ Bd7 7. O-O a6 8. Bg5 Be7 9. Bxf6 Bxf6 10. f4 exd4
11. Nd5 Bxb5 12. Nxf6+ Qxf6 13. Rf3 O-O 14. c3 Nc6 15. e5 dxe5 16. fxe5 Qxe5 17. Qe1 Be2 18. Rf2 d3 19. Qd2 Rad8 20. Qf4 Rfe8
21. Qxe5 Rxe5 22. h3 d2 23. g4 d1=Q+ 24. Rxd1 Bc4 25. Rxd8+ Nxd8 26. b3 Bd5 27. c4 Re1+ 28. Rf1 Re3 29. Kf2 Rxh3 30. cxd5 Rh2+
31. Ke1 Rg2 32. d6 Rxg4 33. d7 Rd4 34. Ke2 Rxd7 35. a4 Ne6 36. b4 Nd4+ 37. Kf2 Nf5 38. Rb1 Rd2+ 39. Ke1 Ra2 40. a5 Nd4
41. b5 h6 42. Rd1 Nc2+ 43. Kd2 Nd4+ 44. Kd3 Nxb5 45. Kc4 Rxa5 46. Rd8+ Kh7 47. Kc5 Nc7+ 48. Kb6 Ne6 49. Rd6 Rb5+ 50. Ka7 a5
51. Kb8 a4 52. Rd3 Nc5 53. Rd5 a3 54. Ka7 a2
0-1

[Event "Let`s play Standart Chess UNDER 1500"]
[Site "SchemingMind.com"]
[Date "2009.08.24"]
[Round "-"]
[White "maro"]
[Black "Carl Lenox"]
[Result "0-1"]
[WhiteCountry "MEX"]
[BlackCountry "CAN"]
[WhiteElo "1331"]
[WhiteRD "48"]
[BlackElo "1263"]
[BlackRD "72"]
[GameID "217199"]

1. d4 Nf6 2. d5 g6 3. Bg5 Bg7 4. Qd4 h6 5. Bxf6 Bxf6 6. Qe4 Bxb2 7. Nf3 Bxa1 8. Nd4 d6 9. e3 f5 10. Bb5+ Bd7
11. Bxd7+ Qxd7 12. O-O fxe4
0-1

[Event "Let`s play Standart Chess UNDER 1500"]
[Site "SchemingMind.com"]
[Date "2009.08.24"]
[Round "-"]
[White "BigDaddy"]
[Black "Carl Lenox"]
[Result "1-0"]
[WhiteCountry "AUT"]
[BlackCountry "CAN"]
[WhiteElo "1265"]
[WhiteRD "64"]
[BlackElo "1276"]
[BlackRD "66"]
[GameID "217200"]

1. e4 c5 2. Nf3 d6 3. d4 cxd4 4. Nxd4 Nf6 5. Nc3 e5 6. Nf3 Bg4 7. h3 Bh5 8. g4 Bg6 9. Bc4 Nc6 10. O-O Bxe4
11. Ng5 Qd7 12. f3 Bg6 13. Bd2 Be7 14. Be3 O-O 15. h4 Nb4 16. h5 Nxc2 17. Rc1 Nxe3 18. Qe1 Rfe8 19. Qh4 Nxc4 20. hxg6 fxg6
21. Nd5 Nxd5 22. Qxh7+
1-0

[Event "Let`s play Standart Chess UNDER 1500"]
[Site "SchemingMind.com"]
[Date "2009.08.24"]
[Round "-"]
[White "darcey62"]
[Black "Carl Lenox"]
[Result "1-0"]
[WhiteCountry "ENG"]
[BlackCountry "CAN"]
[WhiteElo "1681"]
[WhiteRD "115"]
[BlackElo "1263"]
[BlackRD "72"]
[GameID "217201"]

1. e4 c5 2. Bc4 e6 3. e5 Nc6 4. Nf3 Qc7 5. d3 Nxe5 6. Nc3 Nf6 7. Nb5 Qc6 8. Nxe5 Qb6 9. Be3 d6 10. Ng4 Be7
11. Bc1 d5 12. Nxf6+ Bxf6 13. Bxd5 Qxb5 14. Bb3 O-O 15. a4 Qa5+ 16. Bd2 Qc7 17. c3 Bd7 18. O-O Rfe8 19. Qf3 Rad8 20. Bc2 Bc6
21. Qh3 a6 22. d4 cxd4 23. Qxh7+
1-0

[Event "Let`s play Standart Chess UNDER 1500"]
[Site "SchemingMind.com"]
[Date "2009.08.25"]
[Round "-"]
[White "rao"]
[Black "saxondom"]
[Result "1-0"]
[WhiteCountry "INT"]
[BlackCountry "HUN"]
[WhiteElo "1567"]
[WhiteRD "80"]
[BlackElo "1205"]
[BlackRD "101"]
[GameID "217272"]

1. e4 e6 2. Nf3 d5 3. e5 c5 4. c3 Nc6 5. Bb5 Bd7 6. d4 Nxe5 7. Bxd7+ Nxd7 8. Bg5 Ngf6 9. Ne5 h6 10. Bh4 g5
11. Bg3 Ne4 12. Qh5 Nef6 13. Qxf7#
1-0

[Event "Let`s play Standart Chess UNDER 1500"]
[Site "SchemingMind.com"]
[Date "2009.08.24"]
[Round "-"]
[White "rao"]
[Black "maro"]
[Result "1-0"]
[WhiteCountry "INT"]
[BlackCountry "MEX"]
[WhiteElo "1567"]
[WhiteRD "80"]
[BlackElo "1331"]
[BlackRD "48"]
[GameID "217273"]

1. d4 d5 2. Nc3 Nf6 3. Bg5 e6 4. e3 Be7 5. Nf3 Ng4 6. Bf4 O-O 7. h3 Nf6 8. Bd3 Bb4 9. Bg5 Bxc3+ 10. bxc3 Nc6
11. Ne5 Nxe5 12. dxe5 c5 13. exf6 g6 14. Qf3 c4 15. Be2 e5 16. Bh6 e4 17. Qf4 Re8 18. Bg7 a5 19. Qh6 Be6 20. Bh8
1-0

[Event "Let`s play Standart Chess UNDER 1500"]
[Site "SchemingMind.com"]
[Date "2009.08.24"]
[Round "-"]
[White "rao"]
[Black "Carl Lenox"]
[Result "1-0"]
[WhiteCountry "INT"]
[BlackCountry "CAN"]
[WhiteElo "1567"]
[WhiteRD "80"]
[BlackElo "1263"]
[BlackRD "72"]
[GameID "217274"]

1. e4 c5 2. c4 Nc6 3. d3 e5 4. Nc3 Nf6 5. Bg5 Be7 6. Nh3 O-O 7. Qf3 Nd4 8. Qd1 b6 9. Be3 Nc6 10. Qf3 d6
11. Be2 Nb4 12. Rc1 Be6 13. Qg3 Qd7 14. Bh6 Rfe8 15. Qxg7#
1-0

[Event "Let`s play Standart Chess UNDER 1500"]
[Site "SchemingMind.com"]
[Date "2009.08.25"]
[Round "-"]
[White "rao"]
[Black "BigDaddy"]
[Result "0-1"]
[WhiteCountry "INT"]
[BlackCountry "AUT"]
[WhiteElo "1583"]
[WhiteRD "85"]
[BlackElo "1289"]
[BlackRD "60"]
[GameID "217275"]

1. e4 e5 2. Nf3 Nc6 3. Bc4 Bc5 4. d3 Nf6 5. Ng5 d5 6. exd5 Nxd5 7. Qf3 Qe7 8. Bxd5 Bd7 9. Bxf7+ Kd8 10. Bb3 Rf8
11. Nf7+ Ke8 12. O-O Be6 13. Bxe6 Qxe6 14. Nc3 Rxf7 15. Qh5 g6 16. Qg5 Bxf2+ 17. Rxf2 Ne7 18. Rxf7 Qxf7 19. Qxe5 Rc8 20. Bf4 b6
21. Qh8+ Kd7 22. Qd4+ Ke8 23. Rf1 Nf5 24. Re1+ Kf8 25. Qb4+ Kg8 26. Nb5 Nh4 27. Rf1 Qd5 28. Nxc7 Qxg2#
0-1

[Event "Let`s play Standart Chess UNDER 1500"]
[Site "SchemingMind.com"]
[Date "2009.08.24"]
[Round "-"]
[White "rao"]
[Black "darcey62"]
[Result "0-1"]
[WhiteCountry "INT"]
[BlackCountry "ENG"]
[WhiteElo "1567"]
[WhiteRD "80"]
[BlackElo "1681"]
[BlackRD "115"]
[GameID "217276"]

1. e4 e5 2. Nf3 d6 3. h3 a6 4. Bc4 h6 5. Nc3 c6 6. d3 a5 7. Nh2 b5 8. Bxb5 cxb5 9. Nxb5 Bd7 10. Nc3 Nf6
11. Qf3 Nc6 12. O-O Nd4 13. Qd1 Be7 14. Be3 Qb6 15. b3 Rc8 16. Na4 Bxa4 17. bxa4 Qc6 18. c4 Rb8 19. Bxd4 exd4 20. Nf3 Qc5
21. Rb1 O-O 22. Qc2 Nd7 23. Rb5 Rxb5 24. axb5 Nb6 25. a4 f5 26. exf5 Rxf5 27. Re1 Rf7 28. Re4 d5 29. Rxd4 dxc4 30. dxc4 Rxf3
31. Rg4 Rf7 32. Qg6 Qxf2+ 33. Kh2 Bg5 34. Re4 Bf4+ 35. Rxf4 Qxf4+ 36. Kg1 Nxc4 37. Qd3 Qf2+ 38. Kh2 Nd2 39. Qd8+ Kh7 40. Qd3+ g6
41. b6 Nf3+ 42. Qxf3 Rxf3
0-1

[Event "Let`s play Standart Chess UNDER 1500"]
[Site "SchemingMind.com"]
[Date "2009.08.25"]
[Round "-"]
[White "saxondom"]
[Black "rao"]
[Result "0-1"]
[WhiteCountry "HUN"]
[BlackCountry "INT"]
[WhiteElo "1151"]
[WhiteRD "91"]
[BlackElo "1583"]
[BlackRD "85"]
[GameID "217277"]

1. e4 e5 2. f4 Nc6 3. Nf3 d6 4. Bc4 Bg4 5. O-O exf4 6. c3 Qf6 7. d4 a6 8. Qe2 O-O-O 9. d5 Ne5 10. g3 Bxf3
11. Rxf3 Nxf3+ 12. Qxf3 fxg3 13. Qxg3 Nh6 14. Bg5 Qg6 15. Bxd8 Kxd8 16. Qxg6 hxg6 17. Nd2 Ng4 18. Be2 Rxh2 19. Bxg4 Rxd2 20. b4 Rc2
21. Re1 Rxc3 22. e5 Rg3+ 23. Kf2 Rxg4 24. exd6 Bxd6 25. Kf3 Rxb4 26. a3 Rb3+ 27. Re3 Rxa3 28. Rxa3 Bxa3 29. Ke4 b5 30. Ke5 b4
31. Kd4 b3 32. Kc3 b2 33. Kc2 g5 34. Kb1 g4 35. Ka2 g3 36. d6 cxd6 37. Kb1 g2 38. Kc2 g1=Q
0-1

[Event "Let`s play Standart Chess UNDER 1500"]
[Site "SchemingMind.com"]
[Date "2009.08.24"]
[Round "-"]
[White "maro"]
[Black "rao"]
[Result "0-1"]
[WhiteCountry "MEX"]
[BlackCountry "INT"]
[WhiteElo "1331"]
[WhiteRD "48"]
[BlackElo "1567"]
[BlackRD "80"]
[GameID "217278"]

1. c4 e5 2. d4 d6 3. dxe5 Bf5 4. Nc3 Nc6 5. exd6 Bxd6 6. e4 Qe7 7. Nd5 Qxe4+ 8. Ne2 Qxc4 9. Nef4 Qe4+ 10. Be3 O-O-O
11. Bd3 Bb4+ 12. Nxb4 Qxb4+ 13. Bd2 Qe7+ 14. Be3 Bxd3 15. Nxd3 Ne5 16. Bc5 Nxd3+ 17. Kd2 Nxc5+
0-1

[Event "Let`s play Standart Chess UNDER 1500"]
[Site "SchemingMind.com"]
[Date "2009.08.25"]
[Round "-"]
[White "Carl Lenox"]
[Black "rao"]
[Result "0-1"]
[WhiteCountry "CAN"]
[BlackCountry "INT"]
[WhiteElo "1263"]
[WhiteRD "72"]
[BlackElo "1567"]
[BlackRD "80"]
[GameID "217279"]

1. e4 e5 2. Nf3 Nc6 3. Bb5 d6 4. d4 Bd7 5. Nc3 a6 6. Bxc6 Bxc6 7. dxe5 dxe5 8. Qxd8+ Rxd8 9. Nxe5 Bb4 10. Bd2 Bxc3
11. Bxc3 Nf6 12. f3 O-O 13. Bd2 Nd7 14. Nd3 Nb6 15. O-O-O h6 16. Rhe1 Nc4 17. e5 b5 18. Nc5 a5 19. e6 Rfe8 20. e7 Rd5
21. Nd3 Rd7 22. g4 Rdxe7 23. h4 Nxd2 24. Kxd2 Bxf3 25. Rc1 Bxg4 26. Rg1 Re2+ 27. Kc3 b4+ 28. Kb3 Be6+ 29. c4 Re3 30. Ka4 Rxd3
31. Kxa5 c5 32. Kb5 Rc8 33. a4 bxa3 34. b4 a2 35. bxc5 Rb3+
0-1

[Event "Let`s play Standart Chess UNDER 1500"]
[Site "SchemingMind.com"]
[Date "2009.08.25"]
[Round "-"]
[White "BigDaddy"]
[Black "rao"]
[Result "0-1"]
[WhiteCountry "AUT"]
[BlackCountry "INT"]
[WhiteElo "1289"]
[WhiteRD "60"]
[BlackElo "1583"]
[BlackRD "85"]
[GameID "217280"]

1. e4 e5 2. Nf3 Nc6 3. Bc4 h6 4. d4 d6 5. dxe5 Nxe5 6. Nxe5 dxe5 7. Qxd8+ Kxd8 8. O-O Be6 9. Nd2 Nf6 10. f3 Bc5+
11. Kh1 Nh5 12. Nb3 Bxc4 13. Rd1+ Bd6 14. c3 Ke7 15. Nd2 Ba6 16. g4 Nf4 17. Nb3 Nh3 18. Kg2 Nf4+ 19. Bxf4 exf4 20. Nd4 g6
21. h3 h5 22. g5 Kf8 23. Re1 h4 24. Re2 Bxe2 25. Nxe2 Rh5 26. Rd1 Rxg5+ 27. Kf1 Rd8 28. Nd4 Rg3 29. Ne2 Rxf3+ 30. Kg2 Re3
31. Nd4 Rxe4 32. Nf3 Re2+ 33. Kf1 Rxb2
0-1